[Event "Candidates Tournament"]
[Site "Khanty-Mansiysk"]
[Date "2014.03.27"]
[Round "12"]
[White "Aronian, Levon"]
[Black "Kramnik, Vladimir"]
[Result "1/2-1/2"]
[WhiteElo "2830"]
[BlackElo "2787"]
[Annotator "Postny,E"]
[PlyCount "62"]
[EventDate "2014.03.13"]
[EventType "tourn"]
[EventRounds "14"]
[EventCountry "RUS"]
[EventCategory "21"]
[SourceTitle "CBM 160"]
[Source "ChessBase"]
[SourceDate "2014.05.15"]
[SourceVersion "1"]
[SourceVersionDate "2014.05.15"]
[SourceQuality "1"]

1. d4 Nf6 2. c4 e6 3. Nc3 d5 4. cxd5 exd5 5. Bg5 c6 6. Qc2 Be7 7. e3 Nbd7 8. h3
{In this concrete position this move is very rare.} ({The main continuation is
} 8. Bd3 {and here} Nh5 {is one of the options.} {After} 9. Bxe7 Qxe7 {White
doesn't have to play h2-h3, but can make a developing move} 10. Nge2 {So, it's
a slightly preferable version for White than in the game.}) 8... Nh5 {A
standard idea in this opening. The knight, obviously, has nothing it can
achieve on h5 and will have to go back soon. However, the exchange of dark
-squared bishops allows Black to complete his development more comfortably.} 9.
Bxe7 Qxe7 10. Nf3 Nb6 11. O-O-O Nf6 (11... g6 12. g4 Ng7 13. Ne5 f6 14. Nd3 Be6
15. Re1 O-O-O 16. Na4 Nxa4 17. Qxa4 Kb8 18. Be2 Bf7 19. Qb4 Qxb4 20. Nxb4 h5
$11 {1/2-1/2 (27) Topalov,V (2702)-Sokolov,I (2637) Sarajevo 2000}) 12. Bd3 Be6
{The players reached the position, which has appeared numerous times
beforehand, by a slightly unusual order of moves.} 13. Kb1 O-O-O {Black
wouldn't be able to castle to the queenside so easily if the dark-squared
bishops were still on the board. Russian grandmaster Alexey Dreev has a lot of
experience handling this position.} (13... O-O $6 {would be very risky. After}
14. g4 {White's potential kingside assault is dangerous.}) 14. Ka1 Kb8 15. Rc1
(15. Rb1 Ne8 16. Nd2 Nd6 17. Nb3 Qf6 18. Nc5 Bf5 19. Bxf5 Qxf5 20. Qe2 h5 21.
a4 Nd7 22. b4 Nc4 $15 {1-0 (78) Jobava,B (2601)-Dreev,A (2694) Beersheba 2005})
15... Ne8 16. Na4 Nd6 17. Nc5 g6 18. h4 $146 (18. g4 h5 $6 (18... Nd7 $142) 19.
Ne5 Ndc4 20. Bxc4 dxc4 21. Qe4 $14 {1-0 (60) Ikonnikov,V (2558)-Barua,D (2462)
Dieren 2007}) ({Here, and on the next move White could try to put pressure on
the queenside:} 18. a4 $1 Nd7 19. a5 {The following lines illustrate White's
potential:} a6 (19... Nxc5 20. dxc5 Nc4 21. b3 $1 Qf6+ (21... Nxa5 22. Nd4 $16
{[%csl Ya5]}) 22. Nd4 Ne5 23. a6 $16) (19... Rc8 {is probably the best, but
also here after} 20. Qa4 {White is in possession of some initiative.}) 20. Bxa6
$1 Nxc5 (20... bxa6 $2 21. Nxa6+ Ka7 22. Qxc6 Rc8 23. Nc7 Nc4 24. Rxc4 $1 dxc4
25. Ne5 $1 Qd8 26. Qa6+ Kb8 27. Nxe6 fxe6 28. Qb5+ Ka7 29. Nxd7 $18) 21. dxc5
Nc4 22. Qb3 Nxa5 23. Qb4 Qc7 24. Nd4 $16) 18... Bc8 19. h5 $6 {Levon is
consistent, but clearly underestimated Black's reply. In general, I think that
White should create some activity on the other side of the board, where
Black's king is hiding.} (19. a4 $1 Ka8 ({Black can't swap the bishops
comfortably:} 19... Bf5 20. Bxf5 Nxf5 21. a5 Nc4 22. Qa4 $36 a6 $6 23. Rhe1 $16
{[%cal Ge3e4]}) (19... Nd7 20. a5 a6 21. Na4 $14) 20. Nd2 Nd7 ({Again} 20...
Bf5 $6 {is bad in view of} 21. Bxf5 Nxf5 $2 (21... gxf5 {is necessary, but it
means that Black just spoiled his structure for nothing}) 22. a5 Nd7 (22... Nc8
23. a6 b6 24. Nb7 $18 {[%csl Rc6,Rd8]}) {[%tqu "En","How should White
proceed?","","","c5b7","",10]} 23. Nxb7 $1 Kxb7 24. Qxc6+ Kb8 25. Qb5+ Ka8 26.
Rc7 $18) 21. a5 a6 22. Na4 $14 {[%cal Gd2b3,Gb3c5]}) 19... g5 $1 {Black can
give up the Ph7. The sacrifice is temporary.} 20. Bxh7 (20. h6 g4 21. Nd2 f5 {
Later on the Ph6 might become a target.}) 20... g4 21. Nh4 Qf6 22. g3 Nbc4 23.
Bd3 Rxh5 {Black has got back the h-pawn and his position is absolutely fine.}
24. Rhe1 Re8 25. Re2 Reh8 26. Qb3 Qd8 27. e4 $6 {Trying to create some
activity, but it could backfire on him.} (27. Qb4 {would have been safer.})
27... b6 28. Na4 $6 (28. exd5 Na5 (28... cxd5 29. Rd1 {White should think
about protecting the Pd4} Qf6 30. Bb1 $11) 29. Qc3 Rxd5 (29... bxc5 $6 30. dxc5
) 30. b4 $1 Nb5 $1 31. Bxb5 cxb5 32. bxa5 bxc5 33. dxc5 Rhh5 $1 34. Qb4 Rxc5
35. Rxc5 Qd1+ 36. Kb2 Rxc5 37. Qxc5 Qxe2+ 38. Kc3 {This should end in some
kind of a perpetual check.}) 28... Ba6 (28... Nb5 $1 29. exd5 (29. Bxc4 $2 dxc4
30. Qxc4 Nxd4 $19 {[%csl Re2][%cal Gb6b5]}) 29... Na5 $1 {An important
intermezzo.} 30. Qb4 Rxd5 31. Bxb5 cxb5 32. Nc3 Nc6 33. Qb3 Nxd4 34. Qxd5 Qxd5
35. Nxd5 Nxe2 $17) 29. Nc5 Bc8 30. Na4 (30. exd5 {would be objectively better,
as I have already pointed out above, see 28.exd5.}) 30... Ba6 {Again there was
a chance for 30...Nb5! But, Kramnik, clearly disappointed by his overall
performance in the tournament, decided to call it a day.} 31. Nc5 Bc8 1/2-1/2

[Event "Candidates Tournament"]
[Site "Khanty-Mansiysk"]
[Date "2014.03.27"]
[Round "12"]
[White "Mamedyarov, Shakhriyar"]
[Black "Karjakin, Sergey"]
[Result "1/2-1/2"]
[WhiteElo "2757"]
[BlackElo "2766"]
[Annotator "Krasenkow,M"]
[PlyCount "119"]
[EventDate "2014.03.13"]
[EventType "tourn"]
[EventRounds "14"]
[EventCountry "RUS"]
[EventCategory "21"]
[SourceTitle "CBM 160"]
[Source "ChessBase"]
[SourceDate "2014.05.15"]
[SourceVersion "1"]
[SourceVersionDate "2014.05.15"]
[SourceQuality "1"]

1. d4 Nf6 2. c4 e6 3. Nc3 Bb4 4. f3 c5 5. d5 b5 6. e4 O-O 7. e5 Ne8 8. f4 {
This sharp line has gained popularity. It was examined in CBM 138, annotations
to Shirov - Kramnik by GM I.Stohl.} exd5 ({The immediate} 8... d6 {has been
seen in practice, too.}) 9. cxd5 d6 10. Nf3 c4 (10... dxe5 11. fxe5 Bb7 12.
Bxb5 Nc7 13. Bd3 Nxd5 14. O-O Nxc3 15. Qc2 $3 $16 (15. bxc3 Bxc3 16. Rb1 Ba6
17. Be4 Bxf1 18. Qxd8 Rxd8 19. Kxf1 Nd7 20. Bxa8 Rxa8 $15 {1/2 (73) Batchuluun,
T (2529)-Vaibhav,S (2527) Jakarta 2013}) 15... Nd5 $140 16. Bxh7+ Kh8 17. Qf5
$18) (10... Nc7 $5 11. a4 (11. Bd3 c4 12. Be4 f5 13. exf6 Qxf6 14. O-O Bf5 15.
Bxf5 Bc5+ 16. Kh1 Qxf5 17. Nd4 Bxd4 18. Qxd4 Nba6 $17 {0-1 (35) Toth,E (2477)
-Navara,D (2679) Pardubice 2012}) 11... Bb7 12. Bd3 g6 13. O-O c4 14. Be4 Bc5+
15. Kh1 b4 16. Nb5 Nxb5 17. axb5 Nd7 $13 {1-0 (25) Narkun,M (2176)-Tausnev,V 
(1757) Lechenicher SchachServer 2012}) 11. a4 $1 Nd7 (11... Bb7 12. axb5 dxe5
13. fxe5 Qxd5 14. Qxd5 Bxd5 15. Kf2 $1 (15. Bd2 Bxc3 16. Bxc3 Nc7 17. O-O-O Nd7
$132 {0-1 (43) Filippas Ntekouan,S (2263)-Volkov,S (2594) Kavala 2012}) (15.
Nd2 $5) 15... Bxc3 16. bxc3 Nc7 17. Nd4 $14) (11... Bg4 12. axb5 (12. Be2 $5)
12... Nd7 13. e6 $5 fxe6 14. dxe6 Nb6 15. Be2 Nc7 16. Ng5 {1-0 (38) Shirov,A 
(2749)-Kramnik,V (2780) Shanghai 2010 CBM 138 [Stohl,I]} Bxe6 $13) 12. Be2 (12.
axb5 dxe5 $13 {/\} 13. fxe5 $6 Nxe5 $1 14. Nxe5 Qh4+ 15. Ke2 Nd6 $36 {[%csl
Re2] ->עe2 (I.Stohl)}) (12. Bd2 dxe5 13. fxe5 Qe7 14. axb5 Nxe5 15. Nxe5 Qxe5+
16. Qe2 Qd6 17. Qxc4 Nf6 $44 {1/2 (77) Volkov,S (2615)-Bukavshin,I (2578)
Khanty-Mansiysk 2013}) 12... Qb6 13. axb5 Nc7 (13... dxe5 14. fxe5 Bb7 15. Qd4
Nc7 16. Qxb6 Nxb6 17. d6 Nxb5 18. Bd2 Bxf3 19. Bxf3 (19. gxf3 $5 Nd4 20. Be3 $1
Nc2+ 21. Kd2 Nxe3 22. Kxe3 f6 $1) 19... Rae8 20. Nxb5 Rxe5+ 21. Kd1 Bxd2 22.
Nxa7 Bf4 $132 {1/2 (57) Ding,L (2714)-Bacrot,E (2714) Biel 2013}) 14. Qd4 {
White wants to evacuate his king as soon as possible.} (14. Nd2 Nxb5 15. Nxc4
Nxc3 16. bxc3 Bxc3+ 17. Bd2 Qd4 $13) (14. Ra4 Qc5 $13) 14... Bb7 15. Bd2 Bxc3
16. bxc3 $6 (16. Bxc3 dxe5 (16... Nxb5 17. Qxc4 Nxc3 18. bxc3 dxe5 19. fxe5 {
[%cal Yc4d4]}) 17. fxe5 Bxd5 (17... Nxd5 18. O-O $13) 18. Ba5 Qxd4 19. Nxd4 Ne6
$11 {M.Notkin}) 16... dxe5 17. fxe5 Bxd5 18. Be3 Qxb5 {Black boldly accepts
the pawn sacrifice. It is not easy for White to develop his kingside
counterplay.} 19. O-O Ne6 20. Qh4 Ndc5 $6 {[%mdl 32] Removing this knight from
defence was not a good idea.} (20... a5 $1 $17 {P.Maletin}) 21. Rab1 Nb3 (21...
Qc6 $1 22. Bxc4 Bxc4 23. Qxc4 Qe4 $11) 22. Bd1 $1 Qa5 23. Bc2 g6 24. Ng5 $1
Nxg5 25. Bxg5 {White has finally weakened the position of Black's king and
created serious threats.} Qxc3 26. Rf2 Nd4 $1 {An urgent retreat.} 27. Bh6 Nc6
$1 28. Rd1 (28. Bxf8 Rxf8 {is favourable for Black, who is going to win a
third pawn for the exchange (e5), while White's attack is over.}) (28. Rd2 Nxe5
(28... Qxe5 $2 29. Re1 Qd6 30. Be4 Qc5+ 31. Be3 $16) 29. Rxd5 Qxc2 30. Rf1 f6
$1 $13) 28... Qxe5 29. Rf5 $1 Qe7 $2 (29... gxf5 30. Rxd5 Qa1+ 31. Rd1 Qe5 $1
$11 (31... Qc3 $4 32. Qg5+ Kh8 33. Qxf5 $18)) 30. Bg5 $1 f6 31. Rfxd5 $2 {
This leads to simplifications and eventually a draw.} (31. Bxf6 $142 Qe3+ 32.
Rf2 {keeping a strong attack. Besides, Black was under tremendous time
pressure and could hardly find a good defence.}) 31... fxg5 32. Qxc4 Qe6 33.
Bb3 Kh8 34. Qc5 (34. Qc3+ Qf6 35. Qxf6+ Rxf6 36. Rxg5 {, and White must fight
for a draw.}) 34... Rae8 35. h4 $5 Qe3+ 36. Qxe3 Rxe3 37. Ba4 Ne7 38. Rxg5 Nf5
39. h5 Kg7 40. hxg6 hxg6 {Black passes the time control and retains an extra
pawn in the endgame. Unfortunately, in such positions, with pawns on both
sides, the bishop is stronger than the knight; besides, there are too few
pawns on the board. The rook endgame after the exchange of minor pieces is
also satisfactory for White. Therefore, he holds his ground.} 41. Bc2 Kh6 42.
Rg4 Re5 43. Bxf5 Rexf5 {[%mdl 4096]} 44. Ra4 a5 45. Rd6 Rg5 46. Ra6 Rff5 47.
Rh4+ Kg7 48. Ra7+ Rf7 49. Ra6 Rb7 50. Ra4 Rbb5 51. Ra3 Rb1+ 52. Kh2 Rh5+ 53.
Kg3 Rbb5 54. Kf2 Kh6 55. Kg1 Rb1+ 56. Kf2 Rb2+ 57. Kg1 Rg5 58. Rh3+ Kg7 59.
Ra7+ Kf6 60. Ra6+ 1/2-1/2

[Event "Candidates Tournament"]
[Site "Khanty-Mansiysk"]
[Date "2014.03.27"]
[Round "12"]
[White "Topalov, Veselin"]
[Black "Svidler, Peter"]
[Result "1-0"]
[WhiteElo "2785"]
[BlackElo "2758"]
[Annotator "Szabo,Kr"]
[PlyCount "69"]
[EventDate "2014.03.13"]
[EventType "tourn"]
[EventRounds "14"]
[EventCountry "RUS"]
[EventCategory "21"]
[SourceTitle "CBM 160"]
[Source "ChessBase"]
[SourceDate "2014.05.15"]
[SourceVersion "1"]
[SourceVersionDate "2014.05.15"]
[SourceQuality "1"]

1. e4 c5 2. Nf3 e6 3. d4 cxd4 4. Nxd4 Nc6 5. Nc3 Qc7 6. Be3 a6 7. Be2 b5 (7...
Nf6 {is the big main line.}) 8. Nxc6 dxc6 (8... Qxc6 {is by far more popular
than the text move.}) 9. a4 {A logical decision, Topalov immediately attacks
Black's queenside.} (9. O-O {has also been tried} Bb7 10. a4 b4 11. Nb1 c5 12.
Nd2 Nf6 13. Bd3 ({now} 13. f3 $6 {is not so good, because of} Bd6 $1) 13... Be7
{was more solid.} (13... c4 14. Nxc4 Nxe4 {(Korneev-Brodsky, Sochi 2012)} 15.
Qg4 $36 {with a great initiative for the pawn.}) 14. Qe2 O-O 15. f3 {and
White's position looks more comfortable.}) 9... b4 (9... Bb7 10. O-O {
transposes to 9.0-0.}) 10. Nb1 Nf6 (10... Bb7 {was an alternative} 11. Nd2 Nf6
12. f3 (12. Bd3 Nd7 13. Qe2 Bc5 14. Nc4 O-O 15. a5 $14 {with a comfortable
position for White.} (15. e5 Bxe3 16. Qxe3 c5 17. f4 Bd5 18. O-O Bxc4 19. Bxc4
Nb6 $13 {Dragun-Malakhatko, Warsaw 2011.})) 12... Be7 (12... Rd8 13. Qc1 $14 {
followed by Nc4.}) 13. Nc4 $14 {and White is slightly better.}) 11. Nd2 c5 (
11... Bb7 {transposes to 10...Bb7.}) 12. f3 $1 (12. O-O {was also possible,
but I prefer the text move, because he is immediately preparing for Nc4.})
12... Bb7 (12... Bd6 $2 {is bad now, since} 13. Nc4 Bxh2 $2 14. Rxh2 $1 Qxh2
15. Bxc5 $18 {and White is winning.}) 13. Nc4 Nd7 (13... Be7 14. Qc1 O-O (14...
Nd7 {transposes to the game.}) 15. Bf4 $14 {and White is slightly better.}) 14.
Qc1 $1 {A nice positional move. White prepares for the unpleasant Bf4 and he
is very strong on the dark squares.} Be7 15. O-O (15. Bf4 e5 16. Bg3 {is very
similar to the game.}) 15... O-O 16. Bf4 e5 {This isn't a pretty move, but it
is forced.} ({In the event of} 16... Qc6 $6 17. Rd1 $36 ({or} 17. Na5 {and
White looks nicely placed.})) 17. Bg3 h6 18. c3 a5 19. Qc2 {White improves his
pieces.} Ba6 20. Rfd1 (20. Ne3 $5 {was an interesting alternative:} b3 (20...
c4 21. Nd5 Bc5+ 22. Kh1 $36 {and White has a nice initiative.}) 21. Qd2 Bg5 22.
Bxa6 Rxa6 23. Nd5 $14) 20... Rfd8 21. b3 {A natural move, but} (21. Rd5 $1 {
was more accurate, for example} Bb7 22. Nxe5 $1 {A brilliant tactical blow!}
Bxd5 23. Nxf7 Qb6 24. exd5 Kxf7 25. d6 $1 $18 {followed by Bc4 with a decisive
attack.}) 21... Bg5 22. Bf2 Nf8 23. cxb4 cxb4 $6 {An inaccuacy. After this,
White will control the d-file.} (23... axb4 {should have been played.}) 24. Bb6
$1 Rxd1+ 25. Rxd1 Qb8 26. Bf2 $1 {Simple, but strong!} Qc7 (26... Bd8 $142 {
was more exact.}) 27. Rd5 Rc8 28. h4 ({The engine suggests} 28. Rc5 {, but I
think Topalov didn't want to allow} Qxc5 29. Bxc5 Rxc5 {White looks better,
however Black has a stable position. It isn't so easy to find any weaknesses
in Black's position.}) 28... Be7 29. Qd2 Rd8 $2 {Loses immediately, but
Black's position was already difficult.} ({Still} 29... Bxc4 {was the only
chance} 30. Bxc4 Rd8 31. Rxd8 Bxd8 32. Qd5 {, but Black has to face a long
period of torture.}) 30. Bb6 $1 $18 Rxd5 31. Qxd5 Qb8 32. Qxa5 Bxc4 33. Bxc4
Qd6 34. Bf2 Qd1+ 35. Kh2 1-0

[Event "Candidates Tournament"]
[Site "Khanty-Mansiysk"]
[Date "2014.03.29"]
[Round "13"]
[White "Kramnik, Vladimir"]
[Black "Topalov, Veselin"]
[Result "1-0"]
[WhiteElo "2787"]
[BlackElo "2785"]
[Annotator "Krasenkow,M"]
[PlyCount "109"]
[EventDate "2014.03.13"]
[EventType "tourn"]
[EventRounds "14"]
[EventCountry "RUS"]
[EventCategory "21"]
[SourceTitle "CBM 160"]
[Source "ChessBase"]
[SourceDate "2014.05.15"]
[SourceVersion "1"]
[SourceVersionDate "2014.05.15"]
[SourceQuality "1"]

1. d4 Nf6 2. c4 e6 3. Nf3 d5 4. Nc3 c6 5. Bg5 h6 6. Bxf6 Qxf6 7. e3 g6 8. Bd3
Bg7 9. O-O O-O 10. Ne5 (10. e4 {is the main alternative here.}) 10... c5 {
This continuation leads to a position with a fixed centre (d4 vs d5), which is
rather favourable for White's knights. Practice has seen:} (10... Rd8 11. c5
Bd7 12. b4 Be8 13. f4 Nd7 14. Kh1 Qe7 15. Rf3 $36 {0-1 (38) Abhishek,A (2106)
-Sethuraman,S (2574) Kanpur IND 2014}) (10... Nd7 11. f4 Qe7 12. c5 Nxe5 13.
fxe5 b6 14. b4 Bd7 15. Qg4 Rfb8 16. Rab1 Be8 17. h4 Qd8 18. h5 g5 19. Nd1 a5 {
1/2 (19) Latorre,M (2312)-Mareco,S (2591) Asuncion 2011}) (10... Qe7 11. cxd5
exd5 12. f4 Nd7 13. Qf3 Nxe5 (13... Nf6 14. Rae1 Rd8 15. Kh1 c5 16. a3 c4 17.
Bc2 Qc7 18. g4 $40 {1-0 (27) Polak,T (2543)-Feher,A (2342) Hungary 2012}) 14.
fxe5 Be6 (14... f6 $5 15. Qg3 g5 $13) 15. Ne2 Qg5 16. Qf4 Rae8 17. Rac1 Kh7 18.
h4 $14 {1-0 (93) Polak,T (2525)-Krejci,J (2455) Ostrava 2010}) (10... dxc4 11.
Nxc4 $1 (11. Bxc4 c5 12. f4 (12. Rc1 cxd4 13. exd4 Rd8 14. Re1 $6 Nc6 15. Qa4
Rxd4 16. Nxc6 Bd7 $17 {0-1 (37) Krejci,J (2529)-Hovhannisyan,R (2630) Moscow
2013}) 12... cxd4 13. Qxd4 Nc6 14. Nxc6 bxc6 15. Qxf6 Bxf6 16. Rac1 {1/2 (36)
Cmilyte,V (2514)-Sebag,M (2501) Beijing CHN 2013} Rd8 $11) 11... Qe7 12. Qb3
Rd8 13. Rad1 b6 14. f4 Bb7 15. Be4 Na6 16. a3 c5 17. d5 exd5 18. Bxd5 Bxd5 19.
Nxd5 Qe6 20. f5 gxf5 21. Nf4 Qc6 22. Nh5 $44 {1-0 (31) Fedoseev,V (2525)-Negi,
P (2641) Moscow 2012}) 11. cxd5 cxd4 (11... exd5 12. Nxd5 $5 (12. f4 Nc6 13.
Kh1 Qd8 14. Rc1 cxd4 15. exd4 {1-0 (66) Gunina,V (2490)-Nezad,H (2394) Caleta
2013} Be6 $14) 12... Qd6 13. Nf4 $1 Bxe5 (13... cxd4 14. Nexg6 $1 fxg6 15. Qb3+
Rf7 16. Bxg6 Qf8 17. exd4 $40) 14. dxe5 Qxe5 15. Bxg6 fxg6 16. Nxg6 Qf6 17.
Nxf8 Kxf8 18. Qd5 $14) 12. exd4 exd5 13. Re1 $1 $14 {[%csl Ge5]} ({Now after} 
13. Nxd5 Qd6 14. Nf4 Nc6 $1 {Black has no problems, e.g.} 15. Nxc6 bxc6 16. Ne2
Bg4) 13... Be6 14. Bb5 $1 {[%mdl 32] A typical manoeuvre in order to weaken
Black's queenside.} Rd8 15. Rc1 a6 16. Ba4 Rd6 $1 {[%cal Yb8d7]} (16... b5 17.
Bb3 {[%csl Gb3]}) 17. Qb3 (17. Qd2 $142) 17... b6 $6 ({Black renounced} 17...
b5 {in view of} 18. Qa3 {[%cal Ra4b5,Ra3d6] . In fact, he saw the riposte} Qd8
$1 19. Bxb5 axb5 20. Qxa8 Ra6 21. Qb7 Rb6 {, which led to a draw:} 22. Qa8 (22.
Nxf7 $6 Bxf7 23. Qe7 Qxe7 24. Rxe7 Kf8 25. Rc7 Bxd4) (22. Qa7 $6 Bxe5 23. Nxd5
$5 (23. dxe5 Nc6 24. Qa3 b4) 23... Bxh2+ 24. Kxh2 Bxd5 25. Rc8 Qxc8 26. Qxb6
Nd7 27. Qxb5 Nf6 {[%cal Rc8g4]} 28. f3 Bxa2 $17) 22... Ra6 $11 {but Veselin
Topalov was playing for a win.}) 18. Ne2 b5 19. Qa3 Bf8 20. Bc2 Nc6 (20... Nd7
$5) 21. Qg3 (21. Qe3 $142 $14 {[%cal Ye2f4]}) 21... Rc8 22. h4 Ne7 (22... Be7
$5 23. h5 Qg5 $13) 23. h5 (23. Nf4 $5 Nf5 24. Bxf5 Rxc1 (24... Qxf5 25. Rc5 $1)
25. Rxc1 Qxf5 26. Rc7 $36) 23... g5 24. f4 $1 Qg7 (24... Nf5 25. Qf2) 25. Rf1 (
25. Qf2 $5 {[%cal Ye2g3]}) 25... f6 $1 26. Ng4 $6 {This retreat releases
White's pressure.} (26. Ng6 $142 $1 Nxg6 (26... Rdc6 27. Nxf8 Rxf8 28. Bd3 $14)
27. Bxg6 Rxc1 28. Nxc1 $1 $14 {[%cal Yc1d3]}) 26... Rdc6 27. Ne3 f5 $1 28. fxg5
(28. Qe1 {was probably more accurate.}) 28... Qxg5 29. Qxg5+ (29. Qf3 Bf7 30.
Nf4 Bg7 31. Rfd1 Rc4 $5 32. Nxc4 Rxc4 $44) 29... hxg5 30. Bxf5 Nxf5 31. Rxc6
Rxc6 32. Nxf5 {[%mdl 4096]} Rc2 33. Neg3 Rxb2 {The position has sharpened.
Black's bishop pair has become an important factor but White's passed h5-pawn
should not be underestimated either.} 34. Re1 Bd7 (34... Bxf5 35. Nxf5 Rxa2 36.
Re8 $132) 35. Ne7+ Kf7 $6 (35... Kg7 $1 36. Nxd5 Bd6 37. Ne4 Be6 38. Nxd6 Bxd5
39. Re5 Rxg2+ 40. Kf1 Bf3 {is not easy to find and evaluate.}) 36. Nxd5 Bc6 37.
Rf1+ $1 Ke6 {Black's king is unsafe here but he has no choice.} (37... Kg7 $2
38. h6+ Kxh6 39. Rf6+) (37... Kg8 $6 38. Nf6+ Kg7 39. d5) 38. Ne3 (38. Nc7+ $1
Kd6 39. d5 Kxc7 40. Rf7+ Kb6 41. Rf6 $16 {(indicated by GM P.Maletin)}) 38...
Bg7 39. Ngf5 Bh8 40. h6 Be4 41. d5+ Kd7 42. Ng3 (42. Ng7 $5 Rb1 43. Ne6) 42...
Bd3 43. Rf7+ Ke8 44. Rf3 Rxa2 45. Nef5 Rd2 $2 {[%mdl 64] Black misses a
tactical motif.} (45... Bxf5 46. Nxf5 g4 $1 {should be enough to save the game,
e.g.} 47. Rg3 Rd2 48. Rxg4 Rxd5 49. Rg8+ Kf7 50. Rxh8 Rxf5 $11) 46. Ng7+ $1 Ke7
47. d6+ $1 Kxd6 48. Rf8 {Black's h8 bishop is suddenly trapped!} b4 {
Desperation.} 49. Rxh8 b3 50. N7f5+ $2 {This check suddenly lets White's
victory slip.} (50. Ne4+ $1 {was the nicest way to win:} Bxe4 51. Rd8+ Ke5 (
51... Kc5 52. Rxd2) 52. Rxd2 Bc2 53. Kf2 b2 54. h7 $1 b1=Q 55. Re2+ $1 Kd5 56.
h8=Q $18) 50... Bxf5 $2 {Black fails to find a miraculous escape:} (50... Kc7
$1 51. h7 b2 52. Rc8+ Kxc8 53. h8=Q+ Kb7 $1 54. Qg7+ Ka8 {- White can't either
stop Black's pawn or capture his d2-rook and must give a perpetual.}) 51. Nxf5+
Kc7 52. h7 b2 53. Rc8+ Kxc8 54. h8=Q+ Kd7 55. Qh7+ (55. Qh7+ Kd8 56. Ne3 $18)
1-0